ბათუმის შოთა რუსთაველის სახელმწიფო უნივერსიტეტის ბიბლიოთეკა

მასალები საქართველოს შინამრეწველობისა და წვრილი ხელოსნობის ისტორიისათვის : 5 ტომად : (ბიბ.ჩანაწერი № 38127)

000 -ლიდერი
ფიქსირებული სიგრძის საკონტროლო ველი 01538nam a2200277Ia 4500
001 - საკონტროლო ნომერი
საკონტროლო ველი 4115
003 - საკონტროლო ნომრის იდენტიფიკატორი
საკონტროლო ველი GE_BSU
005 - ბოლო ოპერაციის თარიღი და დრო
საკონტროლო ველი 20190919114116.0
008 - ფიქსირებული სიგრძის მონაცემთა ელემენტები - ზოგადი ინფორმაცია
ფიქსირებული სიგრძის საკონტროლო ველი 181216s1987||||ge |||||||||||||| ||geo||
010 ## - კონგრესის ბიბლიოთეკის საკონტროლო ნომერი
LC საკონტროლო ნომერი ტ.lV.ნ.ll
040 ## - კატალოგიზაციის წყარო
Transcribing agency GE_BSU
041 ## - ენის კოდი
Language code of text/sound track or separate title geo
080 ## - უნივერსალური ათობითი კლასიფიკაციის ინდექსი
Universal Decimal Classification number 39(479.22)+63(479.22) მ-36
245 ## - ცნობა სათაურის შესახებ
Title მასალები საქართველოს შინამრეწველობისა და წვრილი ხელოსნობის ისტორიისათვის : 5 ტომად :
Remainder of title ტ. 4. ნაწ. 2. სოფლის მეურნეობის დარგები /
245 ## - ცნობა სათაურის შესახებ
Statement of responsibility, etc ი. ჯავახიშვილის საერთო რედ.
260 ## - გამოქვეყნების, გავრცელების, და სხვა. ცნობები
Place of publication, distribution, etc თბილისი
260 ## - გამოქვეყნების, გავრცელების, და სხვა. ცნობები
Name of publisher, distributor, etc მეცნიერება
260 ## - გამოქვეყნების, გავრცელების, და სხვა. ცნობები
Date of publication, distribution, etc 1987
300 ## - ფიზიკური აღწერა
Extent 310 გვ. ;
Other physical details 26 სმ.
501 ## - შენიშვნა თანმხლებ მასალაზე
With note საძიებლები: გვ. 247-295.
653 ## - INDEX TERM--UNCONTROLLED
Uncontrolled term საქართველოს შინამრეწველობა
653 ## - INDEX TERM--UNCONTROLLED
Uncontrolled term წვრილი ხელოსნობა საქართველოში
653 ## - INDEX TERM--UNCONTROLLED
Uncontrolled term საქართველოს სოფლის მეურნეობა
710 ## - ADDED ENTRY--CORPORATE NAME
Corporate name or jurisdiction name as entry element ი. ჯავახიშვილის საერთო რედ. ; საქ. სსრ მეცნ. აკად., ივ. ჯავახიშვილის სახ. ისტორიის, არქეოლ. და ეთნოგრ. ინ-ტი.
9 (RLIN) 4112
942 ## - ADDED ENTRY ELEMENTS (KOHA)
Koha item type წიგნი
Source of classification or shelving scheme
ეგზემპლარები
ჩამოწერის სტატუსი დაკარგული ეგზემპლარის სტატუსი კლასიფიკაციის წყარო ან თაროზე გაწყობის სქემა დაზიანების სტატუსი არ გაიცემა მუდმივი მდებარეობა (დაცვის ადგილი) ამჟამინდელი ადგილსამყოფელი თაროზე განთავსების ადგილი შეძენის თარიღი ღირებულება, შესყიდვის ნორმალური ფასი სრული შენახვის შიფრი შტრიხკოდი ბოლო ოპერაციის თარიღი ეგზემპლარის მიმდევრობითი ნომერი (კეტერი?) ფასის ძალაში შესვლის თარიღი ეგზემპლარის სახეობა საჯარო შენიშვნა
          ბათუმის შოთა რუსთაველის სახელმწიფო უნივერსიტეტის მთავარი ბიბლიოთეკა ბათუმის შოთა რუსთაველის სახელმწიფო უნივერსიტეტის მთავარი ბიბლიოთეკა წიგნსაცავი 2018-12-17 5.00 39(479.22)+63(479.22) მ-36 5699 2018-12-17 5699 2018-12-17 წიგნი 5 ლ.